00841nam a2200205 a 4500001001000000005001700010008004100027020001500068041000800083044000700091050002100098245017100119260002600290300006300316500008400379650007200463651005800535700001900593700002300612BRCA_336420190320204238.0310309s2002----sp-a---###---#000-0#spa-# a848956986X aspa asp 4aG1965b.A85 200210aEl atlas del rey planetabla descripción de España y de las costas y puertos de sus reinos de Pedro Texeira (1634)cedición de Felipe Pereda, Fernando Marías. aEspañabNereac2002 a1 atlas (398 p.)bil., 87 láminas a color, mapasc32 cm. aIncluye lista de ilustraciones, descripción del atlas e índice onomástico14aCartografíavFacsímilxHistoriayFelipe IV, 1621-1665zEspaña 4aEspañavMapasxHistoriayTrabajos anteriores a 18001 aPereda, Felipe1 aMarías, Fernando